| 000 | 00305 a2200133 4500 | ||
|---|---|---|---|
| 001 | 89198 | ||
| 082 | _a823.914 NAD | ||
| 090 |
_c42148 _d42148 |
||
| 100 | _aNAdeem Aslam | ||
| 245 | _aBlind man's garden | ||
| 260 |
_aIndia _bRandom House _c2013 |
||
| 300 |
_a415 p. _bHb |
||
| 740 | _aBlind man garden | ||
| 942 |
_aCAE NUST _k823.914 NAD |
||
| 999 |
_c324271 _d324271 |
||